000 00337 a2200157 4500
001 61746
020 _a8508083866
040 _cAnchieta - Pituba
100 _aAzevedo, Ricardo
240 1 0 _aSe eu fosse aquilo
_lpor
245 1 0 _aSe eu fosse aquilo
300 _a109
362 0 _a2004
650 4 _aLiteratura juvenil
942 _cBK
999 _c61746
_d61746